Brit Award For Album Of The Year - Statistics

General Stats
  • This quiz has been taken 65 times
  • The average score is 21 of 44
Answer Stats
Year Album Artist % Correct
2012 21 Adele
96%
2016 25 Adele
96%
2022 30 Adele
96%
1984 Thriller Michael Jackson
94%
2023 Harry's House Harry Styles
88%
1977 Sgt. Pepper's Lonely Hearts Club Band The Beatles
84%
1992 Seal Seal
80%
2001 Parachutes Coldplay
78%
2003 A Rush Of Blood To The Head Coldplay
78%
2006 X&Y Coldplay
78%
1996 (What's The Story) Morning Glory? Oasis
78%
1995 Parklife Blur
69%
2007 Whatever People Say I Am,That's What I'm Not Arctic Monkeys
65%
2008 Favourite Worst Nightmare Arctic Monkeys
65%
2014 AM Arctic Monkeys
65%
2021 Future Nostalgia Dua Lipa
61%
2015 X Ed Sheeran
61%
1991 Listen Without Prejudice Vol 1 George Michael
59%
1998 Urban Hymns The Verve
55%
2017 Black Star David Bowie
53%
1987 Brothers In Arms Dire Straits
51%
1986 No Jacket Required Phil Collins
49%
2018 Gang Signs & Prayer Stormzy
45%
2020 Psychodrama Dave
39%
2024 My 21st Century Blues Raye
39%
2010 Lungs Florence & The Machine
35%
2002 No Angel Dido
33%
2019 A Brief Inquiry Into Online Relationships The 1975
33%
1997 Everything Must Go Manic Street Preachers
31%
1999 This Is My Truth Tell Me Yours Manic Street Preachers
31%
2009 Rockferry Duffy
29%
2000 The Man Who Travis
27%
2005 Hopes And Fears Keane
24%
1990 The Raw And The Cooked Fine Young Cannibals
22%
2011 Sigh No More Mumford & Sons
22%
1982 Kings Of The Wild Frontier Adam And The Ants
20%
1985 Diamond Life Sade
20%
1993 Diva Annie Lennox
18%
2004 Permission To Land The Darkness
16%
2013 Our Version Of Events Emeli Sande
14%
1994 Connected Stereo MC's
14%
1988 ...Nothing Like The Sun Sting
12%
1983 Memories Barbra Streisand
10%
1989 The First Of A Million Kisses Fairground Attraction
4%
No matching quizzes found
Score Distribution
Percent of People with Each Score
Percentile by Number Answered
Your Score History
You have not taken this quiz